[Event "Superettan(Solna-Manhem I)"]
[Site "?"]
[Date "2014.03.07"]
[Round "7"]
[White "Welin, Mats"]
[Black "Jonsson, Mikael"]
[Result "1/2-1/2"]
[WhiteElo "2392"]
[BlackElo "2355"]
[PlyCount "108"]

1. e4 e5 2. Nf3 Nc6 3. Bb5 a6 4. Ba4 Nf6 5. O-O Be7 6. d3 b5 7. Bb3 d6 8. a3
O-O 9. Nc3 Bg4 10. Be3 Nd4 11. Bxd4 exd4 12. Nd5 c6 13. Nf4 Nd7 14. h3 Bxf3 15.
Qxf3 Nc5 16. Ba2 Na4 17. Rab1 Rb8 18. Ne2 Bf6 19. Ng3 g6 20. Qd1 d5 21. Re1 Re8
22. Qf3 Nb6 23. Re2 Qd6 24. Rbe1 Kf8 25. Qg4 Be5 26. Qh4 h5 27. exd5 cxd5 28.
Qg5 Bf4 29. Qh4 Rxe2 30. Rxe2 Re8 31. Rxe8+ Kxe8 32. Ne2 Be5 33. Qg5 Kd7 34.
Kf1 Qf6 35. Qd2 Qd6 36. Qa5 Na4 37. Bb3 Nxb2 38. a4 Nxa4 39. Bxa4 bxa4 40.
Qxa4+ Qc6 41. Qa2 Qb5 42. Nc1 Bc7 43. Nb3 Bb6 44. Qa3 Kc7 45. Qf8 Qd7 46. Qa8
Qc6 47. Qf8 Qxc2 48. Qxf7+ Kb8 49. Qg8+ Ka7 50. Qf7+ Bc7 51. Ke1 Qb1+ 52. Ke2
Qc2+ 53. Nd2 Qc6 54. Nb3 Qc2+ 1/2-1/2

[Event "Superettan(Solna-Manhem I)"]
[Site "?"]
[Date "2014.03.07"]
[Round "7"]
[White "Karlsson, Tomas"]
[Black "Akesson, Joel"]
[Result "1/2-1/2"]
[WhiteElo "2329"]
[BlackElo "2350"]
[PlyCount "94"]
[SourceDate "2014.03.18"]

1. e4 e6 2. d4 d5 3. Nc3 Bb4 4. e5 Ne7 5. a3 Bxc3+ 6. bxc3 c5 7. Qg4 O-O 8. Bd3
Nbc6 9. Qh5 Ng6 10. Nf3 Nce7 11. h4 Qa5 12. Bd2 c4 13. Bxg6 fxg6 14. Qg4 Qa4
15. Kd1 Qe8 16. h5 gxh5 17. Rxh5 Bd7 18. Be3 Rf5 19. Rh2 Qg6 20. Qxg6 Nxg6 21.
Kd2 Raf8 22. Rah1 h6 23. Ne1 Be8 24. g3 R5f7 25. f4 Rc7 26. Ng2 Ne7 27. g4 Bg6
28. f5 exf5 29. g5 h5 30. Nf4 Rc6 31. Rb1 Rb6 32. Rxb6 axb6 33. Rh1 Ra8 34. Rb1
Ra6 35. Kc1 Be8 36. Kb2 g6 37. Rh1 Bd7 38. Bf2 Kf7 39. Re1 Be6 40. Bh4 Ra5 41.
Rg1 Nc6 42. Ra1 Na7 43. Rg1 Nb5 44. Ra1 Nc7 45. Rh1 Nb5 46. Ra1 Nc7 47. Rh1 Nb5
1/2-1/2

[Event "Superettan(Solna-Manhem I)"]
[Site "?"]
[Date "2014.03.07"]
[Round "7"]
[White "Fendrich, David"]
[Black "Landgren, Andreas"]
[Result "0-1"]
[WhiteElo "2263"]
[BlackElo "2285"]
[PlyCount "116"]

1. g3 d5 2. c4 d4 3. Bg2 Nf6 4. Nf3 Nc6 5. O-O e5 6. d3 Be7 7. b4 e4 8. dxe4
Bxb4 9. e5 Ne4 10. Bb2 Nc3 11. Qc2 Nxb1 12. Raxb1 O-O 13. Rfd1 Qe7 14. Nxd4
Nxd4 15. Rxd4 c6 16. Rh4 h6 17. Be4 Rd8 18. Bc1 a5 19. f4 Qc5+ 20. Kg2 Be6 21.
Bd3 b5 22. f5 Bxc4 23. Bxc4 bxc4 24. Rxc4 Qxe5 25. Bf4 Qe8 26. f6 g5 27. Re4
Qd7 28. Be5 Qd5 29. Kf1 Rd7 30. Ba1 Rad8 31. Kg1 Qd2 32. Qxc6 Qxa2 33. Rf1 Qd5
34. Qxd5 Rxd5 35. h4 Rd1 36. Bb2 Kh7 37. hxg5 hxg5 38. g4 Kg6 39. Rxd1 Rxd1+
40. Kg2 Rd8 41. Kf3 Ra8 42. Rc4 Bf8 43. e4 a4 44. e5 a3 45. Ba1 Rb8 46. Ra4 Kh7
47. Ke4 Kg6 48. Bd4 Rb1 49. Kd5 Rd1 50. Kc4 Rc1+ 51. Kb3 Rc8 52. Bc3 Rb8+ 53.
Kc4 Rc8+ 54. Kb3 Rb8+ 55. Kc2 Rc8 56. Kd3 Rd8+ 57. Bd4 Bc5 58. e6 fxe6 0-1

[Event "Superettan(Solna-Manhem I)"]
[Site "?"]
[Date "2014.03.07"]
[Round "7"]
[White "Steneskog, Per"]
[Black "Berggren Torell, Harald"]
[Result "1/2-1/2"]
[WhiteElo "2266"]
[BlackElo "2219"]
[PlyCount "34"]

1. d4 Nf6 2. c4 c5 3. e3 e6 4. Nf3 d6 5. Nc3 Nbd7 6. Be2 Be7 7. O-O O-O 8. Qc2
a6 9. b3 b6 10. Bb2 Bb7 11. Rac1 Rc8 12. Qb1 Rc7 13. Rfd1 Qa8 14. Ne1 Rfc8 15.
Bf3 cxd4 16. Rxd4 Nc5 17. Rdd1 h6 1/2-1/2

[Event "Superettan(Solna-Manhem I)"]
[Site "?"]
[Date "2014.03.07"]
[Round "7"]
[White "Outgajjouft, Said"]
[Black "Lundvik, Jonas"]
[Result "0-1"]
[WhiteElo "2172"]
[BlackElo "2238"]
[PlyCount "68"]

1. e4 c5 2. Nc3 Nc6 3. f4 e6 4. Nf3 a6 5. a3 d5 6. e5 Nh6 7. d3 b5 8. Ne2 d4 9.
Ng3 Bb7 10. Ng5 Be7 11. N5e4 O-O 12. Be2 Qb6 13. O-O Rac8 14. Bg4 c4 15. f5
Nxg4 16. Qxg4 Nxe5 17. Qh3 Bxe4 18. Nxe4 exf5 19. Rxf5 Qe6 20. Bg5 cxd3 21.
cxd3 f6 22. Bh4 Nxd3 23. Nxf6+ Bxf6 24. Rxf6 Rxf6 25. Qxd3 Rh6 26. Bf2 Qc4 27.
Qxd4 Qxd4 28. Bxd4 Rc2 29. Rf1 Re6 30. Bc3 Ree2 31. Rd1 Rxg2+ 32. Kf1 Rxh2 33.
Kg1 Rcg2+ 34. Kf1 Rh1+ 0-1

[Event "Superettan(Solna-Manhem I)"]
[Site "?"]
[Date "2014.03.07"]
[Round "7"]
[White "Lindborg, Petter"]
[Black "Kinnmark, Ove"]
[Result "1/2-1/2"]
[WhiteElo "2246"]
[BlackElo "2236"]
[PlyCount "75"]

1. d4 Nf6 2. Bg5 Ne4 3. Bf4 d5 4. e3 c5 5. Bd3 Nd6 6. dxc5 Qa5+ 7. Nc3 Qxc5 8.
Bxd6 Qxd6 9. Bb5+ Nc6 10. Qxd5 Qc7 11. Nge2 e6 12. Qg5 a6 13. Bd3 Bd7 14. a3
Ne5 15. Qg3 h5 16. f4 h4 17. Qf2 Nc4 18. Bxc4 Qxc4 19. Nd4 Be7 20. Qe2 Qc7 21.
Nf3 Bf6 22. Nd4 Bxd4 23. exd4 Qxf4 24. Qf2 Qxf2+ 25. Kxf2 Bc6 26. Rhe1 O-O-O
27. Rad1 Rh6 28. Rd3 Rf6+ 29. Kg1 Rf4 30. Red1 Rf5 31. R1d2 Rg5 32. Rf2 Rd7 33.
Rfd2 Kc7 34. Rh3 Rg4 35. Rhd3 Rg5 36. Rh3 Rg4 37. Rhd3 Rg5 38. Rh3 1/2-1/2

[Event "Superettan(Limhamn II-Rockaden,Umea)"]
[Site "?"]
[Date "2014.03.07"]
[Round "7"]
[White "Wickstrom, Lucas"]
[Black "Mansson, Lars"]
[Result "1/2-1/2"]
[WhiteElo "2416"]
[BlackElo "2285"]
[PlyCount "151"]

1. d4 d5 2. c4 c6 3. cxd5 cxd5 4. Nc3 Nf6 5. Bf4 Nc6 6. e3 Bg4 7. Qb3 Na5 8.
Qa4+ Bd7 9. Qc2 Rc8 10. Bd3 e6 11. Nf3 Be7 12. h3 O-O 13. O-O b5 14. Qe2 Nc4
15. Rac1 b4 16. Nb1 Qa5 17. Ne5 Nxe5 18. Bxe5 Qxa2 19. Ba6 Rxc1 20. Rxc1 Ne4
21. Bd3 Rd8 22. Rc7 Bd6 23. Qc2 Ba4 24. b3 Qxc2 25. Rxc2 Bxe5 26. bxa4 Bd6 27.
f3 Nf6 28. Nd2 e5 29. Nb3 g6 30. Rc6 exd4 31. Nxd4 Be5 32. Nb5 a5 33. Nd4 Nd7
34. Nb3 Ra8 35. Kf2 Bc3 36. Rd6 Nf6 37. Ba6 Rb8 38. Bb5 Be5 39. Rc6 Ra8 40. Ba6
Rb8 41. Rc5 Re8 42. Nxa5 d4 43. e4 Nh5 44. Bb5 Bg3+ 45. Kf1 Ra8 46. Nc6 b3 47.
Rc4 d3 48. Rb4 d2 49. Ke2 Nf4+ 50. Kxd2 Nxg2 51. Rxb3 Nf4 52. a5 Nxh3 53. a6
Bf2 54. Bc4 Ng5 55. Ke2 Bg1 56. Rb1 Nh3 57. Rb7 Ng5 58. a7 Rf8 59. Bd5 Ne6 60.
Bxe6 fxe6 61. Rb8 Bxa7 62. Rxf8+ Kxf8 63. Nxa7 Ke7 64. e5 g5 65. Nc8+ Kd7 66.
Na7 h5 67. Ke3 h4 68. f4 h3 69. Kf3 gxf4 70. Nb5 Kc6 71. Nc3 h2 72. Kg2 Kc5 73.
Kxh2 Kd4 74. Nd1 Kxe5 75. Kg2 Ke4 76. Nf2+ 1/2-1/2

[Event "Superettan(Limhamn II-Rockaden,Umea)"]
[Site "?"]
[Date "2014.03.07"]
[Round "7"]
[White "Tadjerbashi, Amir"]
[Black "Petrov, Marijan"]
[Result "1/2-1/2"]
[WhiteElo "2230"]
[BlackElo "2550"]
[PlyCount "122"]

1. e4 c5 2. Nf3 Nc6 3. d4 cxd4 4. Nxd4 Qb6 5. Nb5 Nf6 6. Be3 Qd8 7. Nd2 d6 8.
Be2 a6 9. Nc3 e6 10. Na4 b5 11. Nb6 Rb8 12. Nxc8 Qxc8 13. a4 Be7 14. axb5 axb5
15. O-O O-O 16. f4 e5 17. c3 b4 18. c4 exf4 19. Bxf4 Ra8 20. Rxa8 Qxa8 21. Be3
Ne5 22. Qc2 Nfd7 23. h3 Bd8 24. Nf3 Nxf3+ 25. Bxf3 Ne5 26. c5 Qc6 27. Bd1 dxc5
28. Qxc5 Bf6 29. Qxc6 Nxc6 30. Ba4 Ne5 31. Bc5 Rc8 32. Bd6 Nd3 33. b3 Bd4+ 34.
Kh2 Rd8 35. Bg3 Nc5 36. Bc6 Nxb3 37. Be1 Be5+ 38. Kh1 Nd2 39. Bxd2 Rxd2 40. Bd5
Bf6 41. g4 h6 42. h4 Bxh4 43. Bxf7+ Kh7 44. Rf3 Re2 45. Bc4 Re1+ 46. Kg2 Bf6
47. Kf2 Rc1 48. Bf7 Rc7 49. Be6 Rc2+ 50. Kf1 Kg6 51. Rf5 Rc6 52. Bd5 Rc1+ 53.
Ke2 Rc2+ 54. Kf1 Rc1+ 55. Ke2 Rg1 56. e5 Rxg4 57. exf6 gxf6 58. Rf1 h5 59. Bf3
Rc4 60. Rg1+ Kh6 61. Ke3 f5 1/2-1/2

[Event "Superettan(Limhamn II-Rockaden,Umea)"]
[Site "?"]
[Date "2014.03.07"]
[Round "7"]
[White "Forsberg, Viktor"]
[Black "Mansson, Peter"]
[Result "1/2-1/2"]
[WhiteElo "2367"]
[BlackElo "2228"]
[PlyCount "93"]

1. e4 c5 2. Nf3 Nc6 3. Nc3 e5 4. Bc4 d6 5. d3 Be7 6. Nd2 Nf6 7. Nf1 Bg4 8. f3
Be6 9. Ne3 O-O 10. O-O Nh5 11. Ned5 Bg5 12. g3 Bxc1 13. Rxc1 Qg5 14. Kh1 Nd4
15. Qe1 Qh6 16. g4 Nf4 17. Nxf4 Qxf4 18. Ne2 Nxe2 19. Qxe2 Rad8 20. Rce1 Rfe8
21. Qe3 Qxe3 22. Rxe3 g5 23. Kg2 f6 24. h4 h6 25. Rh1 Bxc4 26. dxc4 Kg7 27. Ra3
Ra8 28. Rd1 Re6 29. Rdd3 Kf7 30. h5 a6 31. Rdb3 Re7 32. Rb6 Rd7 33. Rab3 Ra7
34. Kf2 Ke7 35. Rd3 Ra8 36. Rdb3 Ra7 37. a4 Ke6 38. a5 Ke7 39. Ke2 Rc7 40. Rd3
Rd7 41. c3 Ra8 42. b4 Rc8 43. b5 Ra8 44. bxa6 Rxa6 45. Rxa6 bxa6 46. Kd2 Rb7
47. Kc2 1/2-1/2

[Event "Superettan(Limhamn II-Rockaden,Umea)"]
[Site "?"]
[Date "2014.03.07"]
[Round "7"]
[White "Holst, Conny"]
[Black "Malmstig, Erik"]
[Result "0-1"]
[WhiteElo "2261"]
[BlackElo "2309"]
[PlyCount "60"]

1. d4 Nf6 2. c4 e6 3. Nc3 Bb4 4. e3 c5 5. Bd3 d5 6. cxd5 exd5 7. Nge2 c4 8. Bc2
O-O 9. O-O Nc6 10. f3 Re8 11. Qe1 b5 12. Qh4 Rb8 13. g4 g6 14. e4 dxe4 15. Bg5
Be7 16. fxe4 Nxg4 17. Rxf7 Kxf7 18. Qxh7+ Ke6 19. Qxg6+ Bf6 20. d5+ Kd6 21.
dxc6 Qb6+ 22. Kh1 Nf2+ 23. Kg2 Bh3+ 24. Kg3 Re6 25. Nxb5+ Kxc6 26. Nxa7+ Qxa7
27. Ba4+ Qxa4 28. Bxf6 Qa7 29. Nd4+ Qxd4 30. Bxd4 Nxe4+ 0-1

[Event "Superettan(Limhamn II-Rockaden,Umea)"]
[Site "?"]
[Date "2014.03.07"]
[Round "7"]
[White "Lindgren, Fredrik"]
[Black "Nilsson, Patrik"]
[Result "1-0"]
[WhiteElo "2270"]
[BlackElo "2080"]
[PlyCount "113"]

1. d4 Nf6 2. Nf3 g6 3. c4 Bg7 4. Nc3 O-O 5. e4 d6 6. Be2 e5 7. Be3 exd4 8. Nxd4
Re8 9. f3 c6 10. Nc2 Na6 11. Qd2 Nc7 12. Rd1 d5 13. cxd5 cxd5 14. O-O Be6 15.
e5 Nd7 16. f4 f6 17. Bf3 fxe5 18. Nxd5 Kh8 19. Nc3 Qc8 20. Ne4 Nb6 21. Bxb6
axb6 22. Nd6 Qb8 23. Bxb7 Rf8 24. Bxa8 Qxa8 25. fxe5 Bxe5 26. Rxf8+ Qxf8 27.
Qe3 Qf4 28. Qxf4 Bxf4 29. b3 Nd5 30. Re1 Bg8 31. Nc4 b5 32. N4a3 Nc3 33. Re8
Kg7 34. Re7+ Kf6 35. Rb7 Bd5 36. Rb6+ Be6 37. Nxb5 Nd5 38. Ra6 Ke5 39. Nbd4 Bd7
40. Nf3+ Ke4 41. Ra7 Bb5 42. Rxh7 Bd3 43. Nce1 Bb1 44. g3 Be3+ 45. Kg2 Bxa2 46.
Rg7 Bxb3 47. Rxg6 Kf5 48. Nh4+ Ke5 49. Nef3+ Ke4 50. Rg4+ Kd3 51. Nf5 Bc5 52.
Ne5+ Kc3 53. h4 Bb6 54. Rg6 Kd2 55. h5 Bc2 56. Nc4+ Ke2 57. Nxb6 1-0

[Event "Superettan(Limhamn II-Rockaden,Umea)"]
[Site "?"]
[Date "2014.03.07"]
[Round "7"]
[White "Wakeham, Daniel"]
[Black "Eriksson, Jorgen"]
[Result "0-1"]
[WhiteElo "2081"]
[BlackElo "2274"]
[PlyCount "104"]

1. d4 d5 2. c4 c6 3. cxd5 cxd5 4. Nf3 Nf6 5. Nc3 Nc6 6. Bf4 a6 7. e3 Bf5 8. Ne5
Rc8 9. Qb3 Na5 10. Qa4+ Bd7 11. Nxd7 Nxd7 12. Bd3 e6 13. O-O Be7 14. e4 dxe4
15. Nxe4 b5 16. Qd1 Nf6 17. Rc1 Rxc1 18. Qxc1 Nd5 19. Be5 O-O 20. b3 Qd7 21.
Qd2 Nc6 22. Bb1 Rd8 23. Qd3 f5 24. Nc3 Nxe5 25. dxe5 Bb4 26. Nxd5 Qxd5 27. Rd1
Qxd3 28. Rxd3 Rc8 29. Rd1 g5 30. g3 g4 31. h3 h5 32. hxg4 hxg4 33. Kg2 Kf7 34.
Rd7+ Be7 35. Ra7 Rc6 36. Bd3 Rc3 37. Bb1 Rc1 38. Bd3 Rd1 39. Bf1 Rd2 40. a4
bxa4 41. bxa4 Ra2 42. Rxa6 Bc5 43. Bc4 Rxf2+ 44. Kh1 Rf3 45. Bxe6+ Kg7 46. Rc6
Bd4 47. Rc7+ Kh6 48. Rc6 Kg5 49. Bf7 Rxg3 50. Rg6+ Kf4 51. a5 Ra3 52. a6 Kg3
0-1

[Event "Superettan(Limhamn II-Rockaden,Umea)"]
[Site "?"]
[Date "2014.03.07"]
[Round "7"]
[White "Nygren, David"]
[Black "Karlsson, Ulf"]
[Result "1-0"]
[WhiteElo "2212"]
[BlackElo "2069"]
[PlyCount "85"]

1. e4 c5 2. c3 g6 3. d4 cxd4 4. cxd4 d5 5. exd5 Nf6 6. Nc3 Nxd5 7. Bc4 Nb6 8.
Bb3 Bg7 9. Nf3 O-O 10. h3 Nc6 11. Be3 Na5 12. O-O Nxb3 13. Qxb3 Be6 14. Qd1 Nd5
15. Qd2 Nxc3 16. bxc3 Rc8 17. Bg5 Qc7 18. Rac1 Bc4 19. Rfe1 e6 20. Nh2 f6 21.
Bf4 Qa5 22. Rb1 b6 23. Bd6 Rfd8 24. Bb4 Qd5 25. Ng4 Ba6 26. Be7 Bb7 27. Ne3 Qc6
28. Bxd8 Rxd8 29. Qe2 f5 30. Qc4 Qd6 31. Rbd1 Rc8 32. Qb3 f4 33. Ng4 Bd5 34.
Qa4 f3 35. g3 h5 36. Ne5 Kh7 37. Qxa7 Ra8 38. Qf7 Rb8 39. Qxg6+ Kg8 40. Qf7+
Kh7 41. Qxh5+ Kg8 42. c4 Bb7 43. Nf7 1-0

[Event "Superettan(Limhamn II-Rockaden,Umea)"]
[Site "?"]
[Date "2014.03.07"]
[Round "7"]
[White "Grahn, Lars"]
[Black "Magnussen, Helge"]
[Result "1-0"]
[WhiteElo "2067"]
[BlackElo "2113"]
[PlyCount "77"]

1. d4 e6 2. Nf3 Nf6 3. g3 Be7 4. c4 d5 5. Bg2 O-O 6. O-O dxc4 7. Ne5 Nc6 8.
Nxc6 bxc6 9. Bxc6 Rb8 10. Nc3 Qd6 11. Bb5 Ba6 12. a4 Bxb5 13. axb5 Rb7 14. e4
e5 15. d5 Qd7 16. Ra4 Bc5 17. Rxc4 Bd4 18. Bg5 Rb6 19. Bxf6 Rxf6 20. Rc6 Rg6
21. Kg2 Rb8 22. Qc2 Rb6 23. Ne2 Rh6 24. h4 Rhxc6 25. bxc6 Qd6 26. Nxd4 exd4 27.
Rd1 Qb4 28. Qd2 Qxb2 29. Qxb2 Rxb2 30. Rxd4 Kf8 31. Ra4 Ke7 32. Rxa7 Kd6 33.
Ra8 Ke5 34. Re8+ Kf6 35. Kf3 h6 36. e5+ Kf5 37. g4+ Kg6 38. d6 Rb3+ 39. Kg2 1-0

[Event "Superettan(Manhem II-Schack 08)"]
[Site "?"]
[Date "2014.03.07"]
[Round "7"]
[White "Renman, Nils-Gustaf"]
[Black "Andersson, Goran"]
[Result "0-1"]
[WhiteElo "2386"]
[BlackElo "2234"]
[PlyCount "72"]
[SourceDate "2014.03.20"]

1. d4 Nf6 2. Nf3 e6 3. c4 c5 4. d5 exd5 5. cxd5 d6 6. Nc3 g6 7. e4 Bg7 8. Nd2
O-O 9. Be2 Nbd7 10. O-O Re8 11. Qc2 Ne5 12. Re1 Nh5 13. Nf1 a6 14. Bxh5 gxh5
15. Bf4 Qf6 16. Bxe5 Rxe5 17. Re3 h4 18. Ne2 Rg5 19. f4 Rg6 20. f5 Rg5 21. Rb1
Bd7 22. Nd2 Qh6 23. Ra3 Re8 24. Nf3 Rg4 25. e5 dxe5 26. h3 Rb4 27. Qxc5 Rb5 28.
Qc2 Rxd5 29. Nc3 Rc5 30. Qf2 Rc4 31. Re1 e4 32. Qf1 exf3 33. Rxe8+ Bxe8 34.
Qxc4 Qc1+ 35. Kf2 Qxb2+ 36. Kxf3 Qxa3 0-1

[Event "Superettan(Manhem II-Schack 08)"]
[Site "?"]
[Date "2014.03.07"]
[Round "7"]
[White "Pettersson, Anders"]
[Black "Laveryd, Peter"]
[Result "0-1"]
[WhiteElo "2103"]
[BlackElo "2437"]
[PlyCount "54"]

1. d4 d6 2. Nc3 Nf6 3. Bg5 Nbd7 4. Qd2 e5 5. O-O-O c6 6. e3 Be7 7. f4 O-O 8.
Bd3 exd4 9. exd4 d5 10. Qf2 b5 11. Nf3 b4 12. Ne2 Ne4 13. Bxe4 dxe4 14. Bxe7
Qxe7 15. Ne5 Nb6 16. Nxc6 Qd6 17. d5 Bb7 18. Qd4 Bxc6 19. dxc6 Qxc6 20. Qxb4
Rab8 21. Rd4 Rfc8 22. Nc3 e3 23. Qe7 Qxg2 24. Rhd1 Re8 25. Rd8 Qd2+ 26. R1xd2
exd2+ 27. Kd1 Rbxd8 0-1

[Event "Superettan(Manhem II-Schack 08)"]
[Site "?"]
[Date "2014.03.07"]
[Round "7"]
[White "Bengtsson, Jessica"]
[Black "Ingbrant, Johan"]
[Result "0-1"]
[WhiteElo "2100"]
[BlackElo "2430"]
[PlyCount "98"]

1. e4 e5 2. Nf3 Nc6 3. Bb5 Nge7 4. O-O g6 5. d4 exd4 6. Nxd4 Bg7 7. c3 O-O 8.
Be3 d5 9. Nxc6 bxc6 10. Bd3 Re8 11. Nd2 f5 12. exf5 Bxf5 13. Nf3 Qd6 14. Bd4 c5
15. Bxg7 Kxg7 16. Re1 Rab8 17. b3 Bg4 18. h3 Bxf3 19. Qxf3 Nc6 20. Rad1 Re5 21.
Qg3 Rxe1+ 22. Rxe1 Qxg3 23. fxg3 Kf6 24. g4 Ne5 25. g5+ Ke6 26. Kf2 a5 27. Bc2
d4 28. c4 Kd6 29. Ke2 Rf8 30. Be4 a4 31. g3 c6 32. h4 axb3 33. axb3 Rb8 34. Rb1
Re8 35. Kd2 Nxc4+ 36. bxc4 Rxe4 37. Rb7 Re7 38. Rb8 Ra7 39. Rd8+ Ke5 40. Re8+
Kf5 41. Rc8 Ke4 42. Rxc6 Ra2+ 43. Kc1 Kd3 44. Rxc5 Kc3 45. Kb1 Rb2+ 46. Kc1 d3
47. Rd5 d2+ 48. Kd1 Rb1+ 49. Ke2 Re1+ 0-1

[Event "Superettan(Manhem II-Schack 08)"]
[Site "?"]
[Date "2014.03.07"]
[Round "7"]
[White "Ottenklev, Niclas"]
[Black "Lundstrom, Mattias"]
[Result "1-0"]
[WhiteElo "2199"]
[BlackElo "2099"]
[PlyCount "80"]

1. e4 c5 2. Nf3 d6 3. d4 cxd4 4. Qxd4 Nc6 5. Bb5 Bd7 6. Bxc6 Bxc6 7. Nc3 e5 8.
Qd3 Be7 9. O-O h6 10. b3 Nf6 11. a4 O-O 12. h3 d5 13. exd5 Nxd5 14. Nxd5 Qxd5
15. Qxd5 Bxd5 16. Nxe5 Bf6 17. Bb2 Bxe5 18. Bxe5 Rfe8 19. Rfe1 f6 20. Bd4 a6
21. a5 Rxe1+ 22. Rxe1 Kf7 23. Kf1 Rd8 24. Bb6 Rd7 25. f3 g5 26. Kf2 Be6 27. Re2
Rd5 28. Ke3 Re5+ 29. Kd2 Rxe2+ 30. Kxe2 Ke7 31. Bc5+ Kd7 32. Ke3 Bf5 33. c4 h5
34. Bf8 Be6 35. Kd4 f5 36. Ke5 g4 37. h4 gxf3 38. gxf3 Bf7 39. Kxf5 Ke8 40. Bc5
Kd7 1-0

[Event "Superettan(Manhem II-Schack 08)"]
[Site "?"]
[Date "2014.03.07"]
[Round "7"]
[White "Eriksson, Mats"]
[Black "Rosberg, Simon"]
[Result "1/2-1/2"]
[WhiteElo "1994"]
[BlackElo "2252"]
[PlyCount "138"]

1. e4 c5 2. c3 d5 3. exd5 Qxd5 4. d4 Nf6 5. Nf3 e6 6. Bd3 cxd4 7. cxd4 Nc6 8.
O-O Be7 9. a3 O-O 10. Nc3 Qd6 11. Re1 Rd8 12. Be3 b6 13. Bc2 Bb7 14. Qd3 Rac8
15. Rad1 g6 16. b4 Nb8 17. Bb3 Bxf3 18. gxf3 Nbd7 19. Ne4 Qb8 20. Ng5 Nf8 21.
Qd2 Nd5 22. Bxd5 Rxd5 23. Bf4 Qb7 24. Ne4 Rcd8 25. Qe3 Rf5 26. Ng3 Rb5 27. Ne4
Rf5 28. Ng3 Rfd5 29. Ne4 Nd7 30. Nc3 Rf5 31. d5 e5 32. Bg3 Nf6 33. Bxe5 Qd7 34.
d6 Bf8 35. Rd3 Re8 36. f4 Ng4 37. Qd2 Nxe5 38. fxe5 Rfxe5 39. Rxe5 Rxe5 40. Qf4
Rf5 41. Qc4 Rf6 42. Ne4 Rf4 43. Qc7 Qg4+ 44. Ng3 Rc4 45. Qb7 Qh3 46. Qd5 Rc1+
47. Rd1 Rxd1+ 48. Qxd1 Qd7 49. Ne4 Bg7 50. Qd5 h6 51. b5 Kf8 52. Qa8+ Qe8 53.
Qb7 f5 54. d7 Qd8 55. Nd6 Be5 56. Nc8 Bc7 57. Qd5 Qg5+ 58. Kf1 Qc1+ 59. Ke2
Qb2+ 60. Kf3 Qc3+ 61. Kg2 Qf6 62. Nxa7 Qg5+ 63. Kf1 Qc1+ 64. Ke2 Qb2+ 65. Kd1
Qb1+ 66. Ke2 Qb2+ 67. Kf1 Qc1+ 68. Kg2 Qg5+ 69. Kf1 Qc1+ 1/2-1/2

[Event "Superettan(Manhem II-Schack 08)"]
[Site "?"]
[Date "2014.03.07"]
[Round "7"]
[White "Stenman, Christoffer"]
[Black "Bergre, Joachim"]
[Result "1-0"]
[WhiteElo "2000"]
[BlackElo "2035"]
[PlyCount "43"]

1. e4 d6 2. d4 g6 3. Nc3 Bg7 4. f4 a6 5. Nf3 b5 6. Be3 Bb7 7. Bd3 Nd7 8. e5 c5
9. O-O b4 10. Nb1 cxd4 11. Bxd4 Nc5 12. Bc4 Ne6 13. Bxe6 fxe6 14. exd6 Nf6 15.
dxe7 Qxe7 16. Nbd2 O-O 17. Qe2 Rfe8 18. Rfe1 Qc7 19. Qe5 Qxc2 20. Rac1 Qf5 21.
Rc7 Qxe5 22. fxe5 1-0

[Event "Superettan(Manhem II-Schack 08)"]
[Site "?"]
[Date "2014.03.07"]
[Round "7"]
[White "Kenani, Dariush"]
[Black "Faldt, Magnus"]
[Result "1/2-1/2"]
[WhiteElo "2035"]
[BlackElo "2159"]
[PlyCount "86"]

1. d4 d5 2. c4 c6 3. Nf3 Nf6 4. Bg5 Ne4 5. Bd2 g6 6. Nc3 Bg7 7. e3 O-O 8. Be2
Nxd2 9. Qxd2 Bg4 10. b3 e6 11. O-O Nd7 12. Rac1 Qe7 13. Rfd1 Rae8 14. e4 dxe4
15. Nxe4 Ra8 16. Ng3 Rfd8 17. Qe3 Nb6 18. Ne5 Bxe2 19. Nxe2 Rac8 20. Nd3 Qf6
21. Nc5 Rc7 22. a4 a5 23. Ne4 Qe7 24. d5 exd5 25. Qxb6 dxe4 26. Rxd8+ Qxd8 27.
Qxa5 Rd7 28. Qxd8+ Rxd8 29. Kf1 Rd2 30. Rb1 f5 31. Ke1 Rd3 32. b4 Ra3 33. a5
Kf7 34. Kd1 Be5 35. Nc1 Ke6 36. Nb3 Bd6 37. b5 c5 38. Rb2 Ra4 39. Rc2 Ra3 40.
Rc3 Ra2 41. Rc2 Ra3 42. Rb2 Ra4 43. Rc2 Ra3 1/2-1/2

[Event "Superettan(Kungstornet-Sollentuna)"]
[Site "?"]
[Date "2014.03.07"]
[Round "7"]
[White "Poley, Vladimir"]
[Black "Cicak, Slavko"]
[Result "0-1"]
[WhiteElo "2417"]
[BlackElo "2570"]
[PlyCount "82"]

1. Nf3 g6 2. g3 Bg7 3. d4 c5 4. Bg2 cxd4 5. Nxd4 Nc6 6. Nb3 b6 7. O-O Bb7 8. a4
d6 9. Nc3 Nf6 10. e4 Nd7 11. f4 Nc5 12. Nxc5 bxc5 13. Ra3 Rb8 14. Re1 O-O 15.
Nd5 Na5 16. Rf3 Bxd5 17. exd5 Bxb2 18. Bxb2 Rxb2 19. Bf1 c4 20. f5 Qc7 21. Kh1
Rfb8 22. Qe2 R8b7 23. Bh3 f6 24. fxg6 hxg6 25. Re3 Rb1 26. Be6+ Kg7 27. Qg4 Qc5
28. Kg2 Rxe1 29. Rxe1 Rb2 30. Re2 Rb1 31. Bf7 Qg1+ 32. Kh3 Qf1+ 33. Kh4 g5+ 34.
Kh5 Re1 35. Rxe1 Qxe1 36. Be6 Nb7 37. Qxc4 Nc5 38. Bg4 a5 39. Be2 Qf2 40. Kg4
f5+ 41. Kh5 Ne4 0-1

[Event "Superettan(Kungstornet-Sollentuna)"]
[Site "?"]
[Date "2014.03.07"]
[Round "7"]
[White "Lyrberg, Patrik"]
[Black "Kassani, Sam"]
[Result "1-0"]
[WhiteElo "2548"]
[BlackElo "2239"]
[PlyCount "95"]

1. Nf3 d5 2. g3 Nf6 3. Bg2 c6 4. b3 Bf5 5. Bb2 Nbd7 6. Nh4 Be4 7. Nf3 h6 8. c4
e6 9. Nc3 Bh7 10. O-O Be7 11. d4 O-O 12. Nd2 a5 13. Rc1 Nb6 14. a3 Qb8 15. e4
dxe4 16. Ncxe4 Rd8 17. Qe2 Nbd7 18. Rfd1 Re8 19. Nxf6+ Nxf6 20. Nf3 Qa7 21. Ne5
Qb6 22. Rc3 Rad8 23. c5 Qc7 24. Rc4 Bf8 25. Ra4 Nd5 26. Re1 f6 27. Nc4 e5 28.
Nd6 Bxd6 29. cxd6 Qxd6 30. dxe5 fxe5 31. Rc1 b5 32. Rxa5 Qc7 33. b4 Nb6 34. a4
Nc4 35. axb5 Nxa5 36. bxc6 Bd3 37. Bxe5 Bxe2 38. Bxc7 Rd1+ 39. Rxd1 Bxd1 40.
Bd5+ Kh8 41. Bxa5 Bg4 42. f3 Bc8 43. Kf2 Re5 44. Be4 Kg8 45. Ke3 Kf7 46. Bc7
Rb5 47. Bd6 Rh5 48. g4 1-0

[Event "Superettan(Kungstornet-Sollentuna)"]
[Site "?"]
[Date "2014.03.07"]
[Round "7"]
[White "Tsyhanchuk, Stanislav"]
[Black "Larsson, Anders"]
[Result "0-1"]
[WhiteElo "2416"]
[BlackElo "2339"]
[PlyCount "116"]

1. Nf3 d6 2. e4 Nf6 3. Nc3 Bg4 4. d4 e6 5. Be2 d5 6. h3 Bh5 7. exd5 exd5 8. Ne5
Bg6 9. O-O Be7 10. f4 Bf5 11. g4 Bc8 12. g5 Nfd7 13. Nxd5 Nxe5 14. dxe5 Bxh3
15. Rf3 Be6 16. Rd3 Nd7 17. Bg4 c6 18. Ne3 Bxg4 19. Qxg4 Qc7 20. Nf5 Nc5 21.
Rh3 Ne6 22. Be3 Bf8 23. g6 h6 24. Nh4 O-O-O 25. gxf7 Qxf7 26. Ng6 Rg8 27. f5
Ng5 28. e6 Nxh3+ 29. Qxh3 Qf6 30. Re1 Rd5 31. e7 Bxe7 32. Nxe7+ Qxe7 33. f6+
Qd7 34. f7 Rf8 35. Qxd7+ Rxd7 36. Bxa7 Kc7 37. c4 Rfxf7 38. c5 Rd5 39. Bb6+ Kd7
40. a4 Rf4 41. Kg2 Rg5+ 42. Kh3 Rxa4 43. Rd1+ Rd5 44. Rf1 Rb4 45. Rf2 g5 46.
Ba5 Rd3+ 47. Kg2 Rg4+ 48. Kh2 Rc4 49. Bc3 Rxc5 50. Rf7+ Kc8 51. Rf8+ Kc7 52.
Rf7+ Rd7 53. Rf6 h5 54. Kg3 Rd3+ 55. Kg2 Rdxc3 56. bxc3 Kb6 57. Rf7 Rxc3 58.
Rf5 Rc5 0-1

[Event "Superettan(Kungstornet-Sollentuna)"]
[Site "?"]
[Date "2014.03.07"]
[Round "7"]
[White "Henriksson, Johan"]
[Black "Aroven, Mikael"]
[Result "1-0"]
[WhiteElo "2295"]
[BlackElo "2197"]
[PlyCount "105"]

1. d4 Nf6 2. Nf3 e6 3. g3 c5 4. Bg2 Nc6 5. O-O cxd4 6. Nxd4 Qb6 7. Nb3 d5 8.
Be3 Qa6 9. Nc5 Qa5 10. Nb3 Qd8 11. c4 Bb4 12. a3 Be7 13. Qc2 O-O 14. Rd1 Qe8
15. cxd5 Nxd5 16. Bc5 Bxc5 17. Nxc5 b6 18. Ne4 Ba6 19. Nbc3 Na5 20. Nd6 Qc6 21.
Bxd5 exd5 22. Rxd5 Nc4 23. Rad1 Nxd6 24. Rxd6 Qe8 25. R1d4 Rc8 26. Re4 Qb5 27.
Qd2 Qh5 28. Rh4 Qe5 29. Rd5 Qe6 30. Re4 Qh3 31. Qe3 Rc4 32. Re8 Rc8 33. Re7 Rc6
34. Rd8 Rc8 35. Rxf8+ Rxf8 36. Rxa7 Bc4 37. Qxb6 h5 38. Qd4 Qe6 39. Ra5 Re8 40.
e3 Ba6 41. Rxh5 f5 42. Qd5 Qxd5 43. Nxd5 Bd3 44. Rh4 Be4 45. Nc3 Bf3 46. Rf4
Bg4 47. Kg2 g5 48. Rd4 Rb8 49. h3 Bh5 50. g4 fxg4 51. hxg4 Be8 52. b4 Rc8 53.
Ne4 1-0

[Event "Superettan(Kungstornet-Sollentuna)"]
[Site "?"]
[Date "2014.03.07"]
[Round "7"]
[White "Jakenberg, Jussi"]
[Black "Engstrom, Kaj"]
[Result "0-1"]
[WhiteElo "2088"]
[BlackElo "2284"]
[PlyCount "48"]

1. e4 c5 2. Nf3 e6 3. c3 Nf6 4. e5 Nd5 5. d4 cxd4 6. cxd4 d6 7. Bc4 Nb6 8. Bd3
Nc6 9. O-O Nb4 10. Be2 Be7 11. Nc3 d5 12. b3 Bd7 13. Bb2 O-O 14. a3 Nc6 15. Bd3
Be8 16. Qc2 Kh8 17. Rae1 Rc8 18. Qd2 Nd7 19. Bc2 Rg8 20. Qd3 Nf8 21. Ne2 Na5
22. h4 f6 23. exf6 Bxf6 24. Ne5 Bxe5 0-1